| 000 | 00812nam a22002057a 4500 | ||
|---|---|---|---|
| 005 | 20110929110735.0 | ||
| 010 | _aG-001647 | ||
| 020 |
_c500.00 _a9789380071008 |
||
| 035 | 1 | d | _aG-001647 |
| 037 | _bGift | ||
| 082 | _a323.0954 | ||
| 100 |
_aSharma, Ravindra _935030 |
||
| 245 | E |
_aHuman rights challenges and institutional responses / _cby Ravindra Sharma |
|
| 260 |
_aJaipur _bAgrawal Publishing House _c2009 |
||
| 270 |
_a1885, Sukhlal Vyas Ki Gali, Nataniyon Ka Rasta _bJaipur _e302003 |
||
| 300 |
_a238p. _c22cm(Hb) |
||
| 942 |
_2ddc _cEN _h323.0954 _mSHA |
||
| 999 |
_c57139 _d57139 |
||